| 000 | 00806mam a2200217 4500 | ||
|---|---|---|---|
| 999 |
_c330575 _d330575 |
||
| 003 | NUST | ||
| 005 | 20170720155000.0 | ||
| 008 | 170216b xxu||||| |||| 00| 0 eng d | ||
| 040 | _c0 | ||
| 082 | 0 | 0 |
_a624 FRE _bFRE |
| 100 | 1 |
_aFrench, Thomas Ewing, _93515 |
|
| 245 | 1 | 2 |
_aA manual of engineering drawing for students and draftsmen, _cby Thomas E. French and Charles J. Vierck, with the assistance of Charles D. Cooper [and others] |
| 250 | _a8th ed. | ||
| 260 |
_aNew York, _bMcGraw-Hill, _c1953. |
||
| 300 |
_a715p. _billus. _c25 cm. |
||
| 490 | 1 | _aThe Engineering drawing series | |
| 500 | _aH.B | ||
| 650 | 0 |
_aMechanical drawing. _92841 |
|
| 700 | 1 |
_aVierck, Charles J. _93516 |
|
| 942 |
_cBK _2ddc _kIESE |
||